[Event "Velez Rapid op 10th"]
[Site "Velez Santander"]
[Date "2023.11.06"]
[Round "2"]
[White "Cadena, Juan Manuel"]
[Black "Clavijo Romero, Leonardo"]
[Result "1-0"]
[WhiteElo "2113"]
[BlackElo "1831"]
[PlyCount "56"]
[EventDate "2023.11.06"]
[EventType "swiss (rapid)"]
[EventRounds "10"]
[EventCountry "COL"]
[SourceTitle "Mega2024 Update 01"]
[Source "Chessbase"]
[SourceDate "2023.11.12"]
[SourceVersion "1"]
[SourceVersionDate "2023.11.12"]
[SourceQuality "1"]

1. e4 d5 2. exd5 Nf6 3. Nf3 Qxd5 4. d4 Bg4 5. Be2 Nc6 6. Be3 0-0-0 7. 0-0 e5 8. c4 Qd7 9. d5 Qf5 10. Nbd2 Nb4 11. Qa4 a6 12. a3 Nc2 13. Rac1 Nxe3 14. fxe3 Bc5 15. Qb3 Bxf3 16. Rxf3 Qg5 17. Rg3 Qh6 18. Qc3 Nh5 19. Rh3 g6 20. Kh1 f5 21. b4 Ba7 22. Rf1 f4 23. Bxh5 gxh5 24. exf4 exf4 25. Qf3 Be3 26. Rxh5 Qg6 27. Ne4 Rhe8 28. Nc5 Bxc5 1-0

[Event "Velez Rapid op 10th"]
[Site "Velez Santander"]
[Date "2023.11.06"]
[Round "7"]
[White "Clavijo Romero, Leonardo"]
[Black "Lopez Giraldo, Maria Camila"]
[Result "1-0"]
[WhiteElo "1831"]
[BlackElo "1724"]
[PlyCount "77"]
[EventDate "2023.11.06"]
[EventType "swiss (rapid)"]
[EventRounds "10"]
[EventCountry "COL"]
[SourceTitle "Mega2024 Update 01"]
[Source "Chessbase"]
[SourceDate "2023.11.12"]
[SourceVersion "1"]
[SourceVersionDate "2023.11.12"]
[SourceQuality "1"]

1. d4 d5 2. Nf3 Nf6 3. e3 c6 4. Bd3 Bg4 5. h3 Bh5 6. 0-0 e6 7. Nbd2 Be7 8. c3 Nbd7 9. e4 dxe4 10. Nxe4 Bg6 11. Qe2 0-0 12. Re1 Qc7 13. Nxf6+ Nxf6 14. Bxg6 hxg6 15. Ne5 Rad8 16. Bf4 Bd6 17. Bg5 Be7 18. Nf3 Nd5 19. h4 Bxg5 20. hxg5 Qf4 21. g3 Qg4 22. Rad1 Ne7 23. Kg2 Rd5 24. Rh1 Qf5 25. Rh4 Rd6 26. Rdh1 f6 27. Rf4 Qd5 28. c4 Qa5 29. c5 Rd5 30. Qxe6+ Rf7 31. gxf6 Qd8 32. fxe7 Qe8 33. Ne5 Rxe5 34. Qxe5 Rxe7 35. Qd6 Re2 36. Rh8+ Kxh8 37. Rf8+ Kh7 38. Rxe8 Rxe8 39. Qd7 1-0

[Event "Velez op 10th"]
[Site "Velez Santander"]
[Date "2023.11.05"]
[Round "9"]
[White "Clavijo Romero, Leonardo"]
[Black "Sequeda Mendoza, Nancy Stella"]
[Result "1-0"]
[WhiteElo "1831"]
[BlackElo "1959"]
[PlyCount "62"]
[EventDate "2023.11.01"]
[EventType "swiss"]
[EventRounds "10"]
[EventCountry "COL"]
[SourceTitle "Mega2024 Update 01"]
[Source "Chessbase"]
[SourceDate "2023.11.12"]
[SourceVersion "1"]
[SourceVersionDate "2023.11.12"]
[SourceQuality "1"]

1. d4 c5 2. e3 e6 3. Nf3 Nf6 4. Bd3 g6 5. c3 Qc7 6. e4 Bg7 7. Nbd2 d6 8. 0-0 Nbd7 9. Nc4 d5 10. exd5 Nxd5 11. Nce5 Nxe5 12. dxe5 Bd7 13. Qe2 Bc6 14. c4 Nb4 15. Be4 0-0-0 16. Bxc6 Nxc6 17. Bg5 Nd4 18. Nxd4 Rxd4 19. Rfe1 h6 20. Bd2 g5 21. Bc3 Rf4 22. g3 Rf5 23. Rad1 Rd8 24. Rd6 Re8 25. Red1 Bf8 26. R6d3 Be7 27. Qe4 f6 28. Rd7 Qb6 29. Ba5 Qc6 30. Rxe7 Qd7 31. Bd8 Qxd8 1-0

[Event "Velez op 10th"]
[Site "Velez Santander"]
[Date "2023.11.03"]
[Round "5"]
[White "Clavijo Romero, Leonardo"]
[Black "Cordero Gonzalez, Victor William"]
[Result "1-0"]
[WhiteElo "1831"]
[BlackElo "1559"]
[PlyCount "73"]
[EventDate "2023.11.01"]
[EventType "swiss"]
[EventRounds "10"]
[EventCountry "COL"]
[SourceTitle "Mega2024 Update 01"]
[Source "Chessbase"]
[SourceDate "2023.11.12"]
[SourceVersion "1"]
[SourceVersionDate "2023.11.12"]
[SourceQuality "1"]

1. d4 d6 2. Nf3 g6 3. Bf4 Bg7 4. e3 Nf6 5. h3 b6 6. Be2 0-0 7. 0-0 Nc6 8. c3 Bb7 9. Bh2 e6 10. Nbd2 Ne7 11. a4 a6 12. Nc4 h6 13. Nfd2 Nd7 14. Bf3 Qc8 15. Qc2 Rb8 16. e4 e5 17. dxe5 Nxe5 18. Nxe5 Bxe5 19. Bxe5 dxe5 20. Nc4 Qe6 21. Ne3 f5 22. exf5 Nxf5 23. Bxb7 Rxb7 24. Rfe1 c5 25. Ng4 Rbf7 26. Nxe5 Rg7 27. Rad1 Qc8 28. Qb3+ Kh7 29. Qxb6 Nh4 30. Ng4 Qa8 31. Ne3 Rb7 32. Qxc5 Rf5 33. Nxf5 Nxf5 34. b4 Rf7 35. Rd2 Nh4 36. Qd5 Qa7 37. Qd4 1-0

[Event "Velez op 10th"]
[Site "Velez Santander"]
[Date "2023.11.02"]
[Round "4"]
[White "Ayala Delgado, Sergio Alejandro"]
[Black "Clavijo Romero, Leonardo"]
[Result "1-0"]
[WhiteElo "2066"]
[BlackElo "1831"]
[PlyCount "122"]
[EventDate "2023.11.01"]
[EventType "swiss"]
[EventRounds "10"]
[EventCountry "COL"]
[SourceTitle "Mega2024 Update 01"]
[Source "Chessbase"]
[SourceDate "2023.11.12"]
[SourceVersion "1"]
[SourceVersionDate "2023.11.12"]
[SourceQuality "1"]

1. e4 d5 2. exd5 Nf6 3. Bb5+ Bd7 4. Be2 Bf5 5. Nf3 Qxd5 6. Nc3 Qa5 7. Nd4 Bg6 8. Nb3 Qf5 9. Nb5 Qc8 10. 0-0 c6 11. Nc3 e6 12. d4 Bd6 13. h4 h6 14. Re1 0-0 15. Na5 Nbd7 16. Nc4 Bc7 17. Bf3 Rd8 18. Qe2 Nd5 19. h5 Bh7 20. Be4 Nxc3 21. Bxh7+ Kxh7 22. bxc3 Nf6 23. Qd3+ Kg8 24. Qf3 Rd5 25. Ne5 Bxe5 26. dxe5 Nh7 27. Qg4 Kh8 28. c4 Rd7 29. Ba3 c5 30. Rad1 b6 31. Rd6 Rxd6 32. exd6 Nf6 33. Qf3 Qd8 34. Bb2 Rc8 35. g4 Kg8 36. g5 Nh7 37. g6 fxg6 38. Qb7 Qf8 39. Bxg7 Rb8 40. Qc7 Qd8 41. Bxh6 Qxc7 42. dxc7 Rc8 43. hxg6 Nf8 44. Bxf8 Kxf8 45. Rxe6 Rxc7 46. f4 Rd7 47. f5 Rd4 48. Rf6+ Kg8 49. Rf7 Rxc4 50. Rxa7 Rg4+ 51. Kh2 Rg5 52. Rf7 b5 53. Kh3 c4 54. Kh4 Rg2 55. Rb7 c3 56. Rxb5 Kg7 57. Kh3 Rxc2 58. Rb7+ Kf6 59. Rf7+ Ke5 60. g7 Rc1 61. g8Q Kd5 1-0

[Event "Velez op 10th"]
[Site "Velez Santander"]
[Date "2023.11.01"]
[Round "1"]
[White "Clavijo Romero, Leonardo"]
[Black "Soto, Cristian Camilo"]
[Result "0-1"]
[WhiteElo "1831"]
[BlackElo "2112"]
[PlyCount "74"]
[EventDate "2023.11.01"]
[EventType "swiss"]
[EventRounds "10"]
[EventCountry "COL"]
[SourceTitle "Mega2024 Update 01"]
[Source "Chessbase"]
[SourceDate "2023.11.12"]
[SourceVersion "1"]
[SourceVersionDate "2023.11.12"]
[SourceQuality "1"]

1. d4 f5 2. Nf3 Nf6 3. Bf4 g6 4. e3 Bg7 5. Bc4 d5 6. Bb3 c5 7. c4 b5 8. cxb5 c4 9. Bc2 Nbd7 10. Nc3 Bb7 11. 0-0 Nh5 12. Bg5 Qb6 13. a4 Qa5 14. Qd2 e6 15. Nxd5 Qxd2 16. Nc7+ Kf7 17. Nxd2 Rac8 18. Na6 h6 19. Bh4 g5 20. Bd1 Kg6 21. Bg3 Nxg3 22. hxg3 e5 23. Be2 exd4 24. exd4 Rhe8 25. Bxc4 Bxd4 26. Rab1 Ne5 27. b3 h5 28. Rbd1 Red8 29. Rfe1 h4 30. Nf1 Kf6 31. gxh4 gxh4 32. Nh2 Nxc4 33. bxc4 Rxc4 34. Rd2 Rg8 35. Red1 Rxg2+ 36. Kf1 Rxh2 37. Rxd4 Bf3 0-1

[Event "Bucaramanga op"]
[Site "Bucaramanga"]
[Date "2023.09.10"]
[Round "9"]
[White "Clavijo Romero, Leonardo"]
[Black "Rivera, Ingris"]
[Result "0-1"]
[WhiteElo "1814"]
[BlackElo "2160"]
[PlyCount "80"]
[EventDate "2023.09.06"]
[EventType "swiss"]
[EventRounds "9"]
[EventCountry "COL"]
[SourceTitle "EXT 2024"]
[Source "ChessBase"]
[SourceDate "2023.10.10"]
[SourceVersion "1"]
[SourceVersionDate "2023.10.10"]
[SourceQuality "1"]

1. d4 Nf6 2. Nf3 g6 3. Bf4 Bg7 4. e3 0-0 5. Be2 d6 6. h3 Nfd7 7. c3 e5 8. dxe5 dxe5 9. Bh2 Qe7 10. 0-0 Nc5 11. Nbd2 Nc6 12. Qc2 f5 13. b4 Nd7 14. Bc4+ Kh8 15. a4 Nb6 16. Bb3 a5 17. b5 Nd8 18. Nc4 Nd7 19. Rad1 Nf7 20. Ba2 Nc5 21. Rfe1 b6 22. Bg3 Bb7 23. Nfd2 Rad8 24. Nb2 Qg5 25. Bxf7 Rxf7 26. Nf3 Bxf3 27. Rxd8+ Qxd8 28. gxf3 f4 29. exf4 exf4 30. Rd1 Qf6 31. Bh2 Rf8 32. Nd3 Qg5+ 33. Kh1 Qf5 34. Qe2 Nxa4 35. Qe7 Nxc3 36. Rd2 Nd5 37. Qe4 g5 38. Qc4 Rd8 39. Nc1 Qxh3 40. Rxd5 Qxf3+ 0-1

[Event "Bucaramanga op"]
[Site "Bucaramanga"]
[Date "2023.09.10"]
[Round "8"]
[White "Clavijo Romero, Leonardo"]
[Black "Ruiz Aguilar, Pablo Alexander"]
[Result "1-0"]
[WhiteElo "1814"]
[BlackElo "2207"]
[PlyCount "52"]
[EventDate "2023.09.06"]
[EventType "swiss"]
[EventRounds "9"]
[EventCountry "COL"]
[SourceTitle "EXT 2024"]
[Source "ChessBase"]
[SourceDate "2023.10.10"]
[SourceVersion "1"]
[SourceVersionDate "2023.10.10"]
[SourceQuality "1"]

1. d4 d5 2. Nf3 Nf6 3. e3 Bg4 4. h3 Bxf3 5. Qxf3 c6 6. Bd3 Nbd7 7. c4 e5 8. cxd5 cxd5 9. dxe5 Bb4+ 10. Bd2 Bxd2+ 11. Nxd2 Nxe5 12. Bb5+ Ke7 13. Qf5 Qd6 14. 0-0 a6 15. Ba4 g6 16. Qf4 Rhc8 17. Rfd1 Rc5 18. Bb3 Rac8 19. Qh4 Kf8 20. e4 Nd3 21. Rab1 d4 22. Qh6+ Kg8 23. Nf3 Qf4 24. Qxf4 Nxf4 25. e5 Nd7 26. g3 Nxh3+ 1-0

[Event "Bucaramanga op"]
[Site "Bucaramanga"]
[Date "2023.09.09"]
[Round "7"]
[White "Pinzon, Jairo David"]
[Black "Clavijo Romero, Leonardo"]
[Result "1-0"]
[WhiteElo "2182"]
[BlackElo "1814"]
[PlyCount "117"]
[EventDate "2023.09.06"]
[EventType "swiss"]
[EventRounds "9"]
[EventCountry "COL"]
[SourceTitle "EXT 2024"]
[Source "ChessBase"]
[SourceDate "2023.10.10"]
[SourceVersion "1"]
[SourceVersionDate "2023.10.10"]
[SourceQuality "1"]

1. d4 d5 2. Bg5 h6 3. Bh4 c6 4. e3 Qb6 5. b3 e5 6. Nf3 Bg4 7. Be2 Bxf3 8. Bxf3 Nd7 9. 0-0 e4 10. Be2 Be7 11. Bg3 Ngf6 12. c4 0-0 13. Nc3 Rac8 14. a4 Qd8 15. c5 a5 16. Qd2 Ra8 17. Na2 Ra7 18. Rfb1 Qa8 19. Bc7 Bd8 20. Bd6 Re8 21. Qc2 Nf8 22. b4 axb4 23. Rxb4 Ba5 24. Rb2 Ne6 25. Nc3 Bc7 26. Bxc7 Nxc7 27. h3 g6 28. Ra3 Ne6 29. Rba2 Ra5 30. Nb1 Rb8 31. Nd2 Rc8 32. Nb3 Ra7 33. a5 Nc7 34. Qc3 Nd7 35. Na1 Nb8 36. Nc2 Nca6 37. Rb3 Kg7 38. Bg4 Rc7 39. Na3 Nd7 40. Be2 Nf8 41. Nc2 Ne6 42. Nb4 Nxb4 43. Qxb4 Qc8 44. Rba3 Qd7 45. Bg4 f5 46. Be2 Qe7 47. g3 Ra8 48. a6 bxa6 49. Rxa6 Rca7 50. Rxa7 Rxa7 51. Rb2 Nd8 52. Qb8 Rb7 53. Rxb7 Nxb7 54. Ba6 Nd8 55. Bc8 h5 56. h4 Kh6 57. Kf1 Ne6 58. Qe5 Qa7 59. Qh8+ 1-0

[Event "Teusaquillo Rapid op"]
[Site "Teusaquillo"]
[Date "2023.03.05"]
[Round "6"]
[White "Clavijo Romero, Leonardo"]
[Black "Gordillo Pena, Frank"]
[Result "0-1"]
[WhiteElo "1893"]
[BlackElo "1815"]
[PlyCount "72"]
[EventDate "2023.03.04"]
[EventType "swiss (rapid)"]
[EventRounds "9"]
[EventCountry "COL"]
[SourceTitle "CBM 213 Extra"]
[Source "ChessBase"]
[SourceDate "2023.05.31"]
[SourceVersion "1"]
[SourceVersionDate "2023.05.31"]
[SourceQuality "1"]

1. d4 Nf6 2. Bf4 g6 3. e3 Bg7 4. Nf3 d6 5. Be2 0-0 6. 0-0 a6 7. h3 Nbd7 8. c3 b5 9. a4 Rb8 10. axb5 axb5 11. Nbd2 c5 12. dxc5 Nxc5 13. Bh2 b4 14. c4 e5 15. Nb3 Qc7 16. Nxc5 Qxc5 17. b3 Bb7 18. Nd2 Nd7 19. Ra2 f5 20. Nf3 Nf6 21. Ng5 Rfe8 22. Rd2 h6 23. Nf3 Ne4 24. Rc2 Nc3 25. Qd2 Red8 26. Ra1 Kh7 27. Ne1 e4 28. Rac1 Ra8 29. g4 d5 30. Rxc3 bxc3 31. Qc2 dxc4 32. Bxc4 Rd2 33. Qb1 Raa2 34. Rc2 Qa3 35. Rxa2 Qxa2 36. Qc1 Qb2 0-1

[Event "Teusaquillo Rapid op"]
[Site "Teusaquillo"]
[Date "2023.03.05"]
[Round "5"]
[White "Ladino Hernandez, Angel Joel"]
[Black "Clavijo Romero, Leonardo"]
[Result "0-1"]
[WhiteElo "1201"]
[BlackElo "1893"]
[PlyCount "92"]
[EventDate "2023.03.04"]
[EventType "swiss (rapid)"]
[EventRounds "9"]
[EventCountry "COL"]
[SourceTitle "CBM 213 Extra"]
[Source "ChessBase"]
[SourceDate "2023.05.31"]
[SourceVersion "1"]
[SourceVersionDate "2023.05.31"]
[SourceQuality "1"]

1. e4 d5 2. exd5 Nf6 3. d4 Bg4 4. Nf3 Qxd5 5. Be2 Nc6 6. c4 Qh5 7. Nc3 0-0-0 8. d5 e6 9. h3 exd5 10. cxd5 Nxd5 11. Qa4 Bxf3 12. Bxf3 Qe5+ 13. Ne2 Bb4+ 14. Kf1 Rhe8 15. g3 Kb8 16. Kg2 Bc5 17. Nf4 Nxf4+ 18. Bxf4 Qxb2 19. Rhf1 Qf6 20. Rab1 Bb6 21. Qb5 Nd4 22. Qd3 Nxf3 23. Qxf3 Qe6 24. a4 Qd5 25. Qxd5 Rxd5 26. Rfe1 Rdd8 27. Rec1 f6 28. h4 Rd3 29. Ra1 Rd5 30. Rd1 Rxd1 31. Rxd1 Kc8 32. Rd5 a5 33. f3 Re2+ 34. Kh3 Ra2 35. g4 Rxa4 36. Kg3 Ra2 37. g5 fxg5 38. Bxg5 c6 39. Rf5 Bc7+ 40. f4 b5 41. Rf7 b4 42. Rxg7 b3 43. Bf6 b2 44. Bxb2 Rxb2 45. Kf3 Rb4 46. f5 Rf4+ 0-1

[Event "Bogota El Tablazo op-A"]
[Site "Bogota"]
[Date "2022.06.23"]
[Round "1"]
[White "Mogollon Tobar, Nicolle Juliet"]
[Black "Clavijo Romero, Leonardo"]
[Result "0-1"]
[WhiteElo "1997"]
[BlackElo "1789"]
[PlyCount "88"]
[EventDate "2022.06.23"]
[EventType "swiss"]
[EventRounds "10"]
[EventCountry "COL"]
[SourceTitle "EXT 2023"]
[Source "ChessBase"]
[SourceDate "2022.10.05"]
[SourceVersion "1"]
[SourceVersionDate "2022.10.05"]
[SourceQuality "1"]

1. e4 d5 2. exd5 Nf6 3. Nc3 Nxd5 4. Bc4 Nb6 5. Bb3 c5 6. Qh5 c4 7. Bxc4 Nxc4 8. Qb5+ Nc6 9. Qxc4 Be6 10. Qe4 g6 11. Nf3 Bg7 12. 0-0 Qa5 13. Qe3 0-0 14. Ne2 Bf5 15. c3 e5 16. Nh4 Bd7 17. d3 Rfe8 18. g3 Rad8 19. Rd1 Ne7 20. c4 Nc6 21. Bd2 Qc7 22. Bc3 Bg4 23. f3 Bc8 24. b4 b6 25. Rac1 Nd4 26. Qf2 Bb7 27. Bd2 Qc6 28. Nxd4 Rxd4 29. Be3 Rd7 30. b5 Qe6 31. c5 bxc5 32. Bxc5 Ba8 33. Bxa7 g5 34. Ng2 Qd5 35. Be3 Qxb5 36. Bxg5 e4 37. Be3 exd3 38. Rc5 Qa4 39. Rd2 Qb4 40. Rg5 Kh8 41. Nf4 Rxe3 42. Rxg7 Rxf3 43. Qe1 Qd4+ 44. Rf2 Qxf2+ 0-1

[Event "Bogota El Tablazo op-A"]
[Site "Bogota"]
[Date "2022.06.23"]
[Round "2"]
[White "Paredes Lagos, Anthony Javier"]
[Black "Clavijo Romero, Leonardo"]
[Result "1-0"]
[WhiteElo "2148"]
[BlackElo "1789"]
[PlyCount "93"]
[EventDate "2022.06.23"]
[EventType "swiss"]
[EventRounds "10"]
[EventCountry "COL"]
[SourceTitle "EXT 2023"]
[Source "ChessBase"]
[SourceDate "2022.10.05"]
[SourceVersion "1"]
[SourceVersionDate "2022.10.05"]
[SourceQuality "1"]

1. d4 d5 2. c4 c6 3. Nf3 Nf6 4. g3 Bg4 5. Ne5 Be6 6. Qb3 Qc8 7. c5 Nbd7 8. Nxd7 Bxd7 9. Bg2 g6 10. Nc3 Bg7 11. f3 0-0 12. Be3 Re8 13. 0-0 e5 14. dxe5 Rxe5 15. Bd4 Re7 16. Rad1 Bh3 17. e4 dxe4 18. Bxf6 Bxf6 19. Nxe4 Be5 20. f4 Bxg2 21. Kxg2 Bg7 22. Nd6 Qe6 23. Qxe6 Rxe6 24. Nxb7 Re2+ 25. Rf2 Rxf2+ 26. Kxf2 Bxb2 27. Rd7 Rb8 28. Ke3 Re8+ 29. Kd3 Re1 30. Rd6 Ra1 31. Rxc6 Rxa2 32. Rc8+ Kg7 33. Nd6 Ba3 34. Nc4 Bxc5 35. Rxc5 Rxh2 36. Rc7 Rg2 37. Ne5 Rxg3+ 38. Ke4 a5 39. Nxf7 h5 40. Ng5+ Kg8 41. Ra7 Ra3 42. Ke5 Ra4 43. Ra8+ Kg7 44. Ne6+ Kf7 45. Ra7+ Kg8 46. Kf6 h4 47. Ra8+ 1-0

[Event "COL Subzt 2.3.4"]
[Site "Risarald"]
[Date "2021.11.26"]
[Round "7"]
[White "Gaviria Galvis, Andres Felipe"]
[Black "Clavijo Romero, Leonardo"]
[Result "1-0"]
[WhiteElo "2014"]
[BlackElo "1783"]
[PlyCount "67"]
[EventDate "2021.11.23"]
[EventType "swiss"]
[EventRounds "9"]
[EventCountry "COL"]
[SourceTitle "CBM 205 Extra"]
[Source "ChessBase"]
[SourceDate "2022.01.31"]
[SourceVersion "1"]
[SourceVersionDate "2022.01.31"]
[SourceQuality "1"]

1. d4 d5 2. Nf3 Nf6 3. Bf4 Bf5 4. c4 Nc6 5. Nc3 e6 6. e3 Bb4 7. c5 Ne4 8. Qb3 0-0 9. Bb5 Bxc3+ 10. bxc3 Rb8 11. Rc1 Na5 12. Qb4 b6 13. Ne5 g5 14. cxb6 axb6 15. Bg3 Ra8 16. 0-0 f6 17. Nc6 Nxc6 18. Bxc6 Rxa2 19. c4 Nxg3 20. hxg3 Bg6 21. cxd5 exd5 22. Qb3 Ra5 23. Ra1 Bf7 24. Rxa5 bxa5 25. Qa4 Be8 26. Bxe8 Qxe8 27. Qxa5 Qc6 28. Qa3 Ra8 29. Rc1 Qb7 30. Qe7 Qb2 31. Qe6+ Kg7 32. Rxc7+ Kg6 33. Qf7+ Kf5 34. Qxh7+ 1-0

[Event "COL Subzt 2.3.4"]
[Site "Risarald"]
[Date "2021.11.25"]
[Round "4"]
[White "Corredor Rengifo, Luis Fernando"]
[Black "Clavijo Romero, Leonardo"]
[Result "1-0"]
[WhiteElo "2154"]
[BlackElo "1783"]
[PlyCount "97"]
[EventDate "2021.11.23"]
[EventType "swiss"]
[EventRounds "9"]
[EventCountry "COL"]
[SourceTitle "CBM 205 Extra"]
[Source "ChessBase"]
[SourceDate "2022.01.31"]
[SourceVersion "1"]
[SourceVersionDate "2022.01.31"]
[SourceQuality "1"]

1. d4 d5 2. c4 c6 3. Nc3 Nf6 4. Nf3 a6 5. e3 b5 6. b3 Bg4 7. Be2 Bxf3 8. Bxf3 e6 9. 0-0 Be7 10. Qd3 Nbd7 11. Bb2 0-0 12. Rad1 Rb8 13. Ba1 Nb6 14. c5 Nbd7 15. e4 dxe4 16. Nxe4 Qc7 17. Nc3 Rfd8 18. Qe2 Nf8 19. b4 Ng6 20. g3 Rd7 21. h4 Bf8 22. h5 Ne7 23. h6 g6 24. d5 exd5 25. Nb1 Ne8 26. Bg4 Rbd8 27. Bxd7 Qxd7 28. Qb2 d4 29. Rxd4 Qxd4 30. Qxd4 Rxd4 31. Bxd4 Bxh6 32. Nc3 Nf5 33. Rd1 Nxd4 34. Rxd4 Bg7 35. Rd3 Bxc3 36. Rxc3 Nc7 37. Rd3 Kf8 38. Rd6 Nd5 39. a3 Ne7 40. Kf1 Kg7 41. Ke2 h5 42. Rd8 Kf6 43. Ra8 g5 44. Rxa6 Ke6 45. a4 bxa4 46. b5 Kd7 47. Ra7+ Kd8 48. b6 Nd5 49. Ra8+ 1-0

[Event "COL Subzt 2.3.4"]
[Site "Risarald"]
[Date "2021.11.24"]
[Round "2"]
[White "Castano, Julian Marcelo"]
[Black "Clavijo Romero, Leonardo"]
[Result "1-0"]
[WhiteElo "1986"]
[BlackElo "1783"]
[PlyCount "91"]
[EventDate "2021.11.23"]
[EventType "swiss"]
[EventRounds "9"]
[EventCountry "COL"]
[SourceTitle "CBM 205 Extra"]
[Source "ChessBase"]
[SourceDate "2022.01.31"]
[SourceVersion "1"]
[SourceVersionDate "2022.01.31"]
[SourceQuality "1"]

1. d4 d5 2. Nf3 Nf6 3. c4 c6 4. cxd5 cxd5 5. Nc3 Nc6 6. Bf4 a6 7. e3 Bg4 8. h3 Bxf3 9. Qxf3 e6 10. Bd3 Bd6 11. 0-0 Bxf4 12. Qxf4 0-0 13. Rac1 Rc8 14. Na4 Nd7 15. Qd6 Qe7 16. Qxe7 Nxe7 17. b4 b5 18. Nc5 Nxc5 19. Rxc5 Rxc5 20. bxc5 Nc6 21. a4 Nb4 22. Be2 Na2 23. axb5 Nc3 24. Bd3 axb5 25. Ra1 Rb8 26. Ra6 Kf8 27. Rb6 Ra8 28. Bxb5 Ra1+ 29. Kh2 Ra2 30. c6 Nxb5 31. Rxb5 Rc2 32. Rb8+ Ke7 33. Rb7+ Kf6 34. c7 h5 35. h4 g6 36. Kg3 Kg7 37. Kf4 Kf6 38. f3 Rc1 39. e4 Rc4 40. g4 hxg4 41. fxg4 dxe4 42. g5+ Kg7 43. Kxe4 Rc1 44. Ke5 Rc4 45. Kd6 Kh7 46. Rb5 1-0

[Event "COL-ch Rapid"]
[Site "Villavicencio"]
[Date "2021.11.13"]
[Round "3"]
[White "Tirado, Juan Camilo"]
[Black "Clavijo Romero, Leonardo"]
[Result "1/2-1/2"]
[WhiteElo "2224"]
[BlackElo "1880"]
[PlyCount "77"]
[EventDate "2021.11.13"]
[EventType "swiss (rapid)"]
[EventRounds "9"]
[EventCountry "COL"]
[SourceTitle "CBM 205 Extra"]
[Source "ChessBase"]
[SourceDate "2022.01.31"]
[SourceVersion "1"]
[SourceVersionDate "2022.01.31"]
[SourceQuality "1"]

1. Nf3 c6 2. g3 d5 3. Bg2 Bg4 4. 0-0 Nd7 5. d3 e6 6. Nbd2 Ngf6 7. c3 Be7 8. Qc2 0-0 9. Re1 a5 10. a4 Qb6 11. Nb3 e5 12. e4 Bd6 13. Be3 Qc7 14. Nh4 Bh5 15. Nf5 Bg6 16. Nxd6 Qxd6 17. f3 b6 18. g4 c5 19. h4 h5 20. g5 Ne8 21. exd5 c4 22. Nc1 Nc5 23. Bxc5 Qxc5+ 24. Qf2 Qxf2+ 25. Kxf2 cxd3 26. Rxe5 d2 27. Nb3 d1Q 28. Rxd1 Bc2 29. Rd4 Bxb3 30. d6 Rd8 31. Rb5 Bc2 32. Rxb6 g6 33. c4 Ng7 34. c5 Ne6 35. Rc4 Bf5 36. b4 axb4 37. a5 Ra8 38. c6 Rfc8 39. c7 1/2-1/2

[Event "Ibague op"]
[Site "Ibague"]
[Date "2021.10.24"]
[Round "9"]
[White "Clavijo Romero, Leonardo"]
[Black "Ordonez Gonzalez, Gabriel"]
[Result "0-1"]
[WhiteElo "1780"]
[BlackElo "1971"]
[PlyCount "76"]
[EventDate "2021.10.20"]
[EventType "swiss"]
[EventRounds "9"]
[EventCountry "COL"]
[SourceTitle "CBM 204 Extra"]
[Source "ChessBase"]
[SourceDate "2021.11.30"]
[SourceVersion "1"]
[SourceVersionDate "2021.11.30"]
[SourceQuality "1"]

1. d4 Nf6 2. Bf4 d6 3. e3 g6 4. Nf3 Bg7 5. Be2 0-0 6. 0-0 h6 7. h3 Nbd7 8. c3 b6 9. a4 a5 10. Nbd2 Bb7 11. Bh2 Re8 12. Bb5 e6 13. Re1 Re7 14. Qc2 e5 15. dxe5 Nxe5 16. Nxe5 dxe5 17. Rad1 Qf8 18. e4 Rd8 19. f3 Ne8 20. Bf1 Nd6 21. Kh1 f5 22. Nc4 fxe4 23. Nxd6 Rxd6 24. Rxd6 cxd6 25. fxe4 Kh7 26. Bg1 d5 27. Bxb6 dxe4 28. Be3 h5 29. Bc4 Rf7 30. Qe2 Rf6 31. Rd1 Qc8 32. Bc1 Bh6 33. Bxh6 Kxh6 34. Qe3+ g5 35. Qd2 e3 36. Qxe3 Qc7 37. Be2 Qc6 38. Bf3 Rxf3 0-1

[Event "Ibague op"]
[Site "Ibague"]
[Date "2021.10.23"]
[Round "7"]
[White "Clavijo Romero, Leonardo"]
[Black "Tirado Veliz, Henry Jose"]
[Result "1/2-1/2"]
[WhiteElo "1780"]
[BlackElo "2101"]
[PlyCount "40"]
[EventDate "2021.10.20"]
[EventType "swiss"]
[EventRounds "9"]
[EventCountry "COL"]
[SourceTitle "CBM 204 Extra"]
[Source "ChessBase"]
[SourceDate "2021.11.30"]
[SourceVersion "1"]
[SourceVersionDate "2021.11.30"]
[SourceQuality "1"]

1. d4 Nf6 2. Bf4 g6 3. e3 Bg7 4. Nf3 d6 5. Be2 0-0 6. 0-0 b6 7. h3 Bb7 8. Nbd2 Nbd7 9. a4 a6 10. Bh2 c5 11. c3 Rc8 12. Qb3 Qc7 13. Rfe1 Bd5 14. c4 Bb7 15. d5 Ne5 16. Nxe5 dxe5 17. Nf3 Ne8 18. h4 f6 19. h5 g5 20. Nxg5 fxg5 1/2-1/2

[Event "Soacha op-B"]
[Site "Soacha"]
[Date "2021.09.11"]
[Round "6"]
[White "Gonzalez Mojica, Renan Arturo"]
[Black "Clavijo Romero, Leonardo"]
[Result "1-0"]
[WhiteElo "1629"]
[BlackElo "1852"]
[PlyCount "113"]
[EventDate "2021.09.08"]
[EventType "swiss"]
[EventRounds "9"]
[EventCountry "COL"]
[SourceTitle "CBM 204 Extra"]
[Source "ChessBase"]
[SourceDate "2021.11.30"]
[SourceVersion "1"]
[SourceVersionDate "2021.11.30"]
[SourceQuality "1"]

1. d4 d5 2. c4 c6 3. Nf3 Nf6 4. Nc3 a6 5. cxd5 cxd5 6. Bg5 Ne4 7. Bf4 Nc6 8. e3 Nxc3 9. bxc3 Qa5 10. Qb3 Bf5 11. Be2 e6 12. 0-0 Ra7 13. Ne5 Qd8 14. c4 f6 15. Nxc6 bxc6 16. Rfc1 Qa8 17. cxd5 cxd5 18. Rc6 Qxc6 19. Qb8+ Kf7 20. Qxa7+ Be7 21. Qxa6 Qxa6 22. Bxa6 Ra8 23. Bb5 Ra3 24. e4 Bxe4 25. Bc1 Ra5 26. a4 Bb4 27. Ba3 Bxa3 28. Rxa3 e5 29. f3 Bc2 30. dxe5 fxe5 31. Kf2 d4 32. Ke2 Ke7 33. Kd2 Bf5 34. Ra1 Kd6 35. Rc1 Ra7 36. Ra1 g5 37. Bd3 Bxd3 38. Kxd3 Kd5 39. Ra2 g4 40. a5 gxf3 41. gxf3 Rf7 42. Rf2 Rf6 43. Rf1 Rf7 44. Rf2 Rb7 45. Ra2 Rb3+ 46. Ke2 e4 47. fxe4+ Kxe4 48. a6 Rb8 49. a7 Ra8 50. Ra5 d3+ 51. Kd2 h5 52. Ra4+ Kf3 53. h4 Kg3 54. Kxd3 Rd8+ 55. Kc4 Ra8 56. Kc5 Rxa7 57. Rxa7 1-0